01730nam a2200481 i 450000100060000000300080000600500170001400600190003100700150005000800410006502000180010602000270012403500230015103500240017403500250019803500210022304000310024405000190027508000070029408200120030110000220031324501520033526400850048730000400057233600310061233700330064333800430067649000460071950000230076550400290078858801250081765000150094265000180095765000210097565000200099665000260101665000290104265500270107170000220109870000190112083000470113985600620118629025FlNmELB20241216220115.0m o d | cr cnu||||||||160324s2015 ag ob 001 0 spa d z9789871309184 a9781512928518 (e-book) a(MiAaPQ)EBC4422659 a(Au-PeEL)EBL4422659 a(CaPaEBR)ebr11162439 a(OCoLC)984771844 aFINmELBbspaerdacFINmELB 4aHM51bU81 2015 a310 a3012231 aUrresti, Marcelo.10aConexión total :blos jóvenes y la experiencia social en la era de la comunicación digital /cMarcelo Urresti, Joaquín Linne, Diego Basile. 1aBuenos Aires :bEdiciones del Aula Taller :bGrupo Editor Universitario,c[2015] a1 recurso en línea (86 páginas) atextobtxt2rdacontent/spa acomputadorabc2rdamedia/spa arecurso en líneabcr2rdacarrier/spa1 aColección Las juventudes argentinas hoy aContiene índice. aContiene bibliografía. aDescripción basada en recurso en línea; Título de la página del título en PDF (e-libro, visto March 24, 2016). 0aSociology. 4aSociología. 0aSocial networks. 4aRedes sociales. 0aTechnology and youth. 4aTecnología y juventud. 4aLibros electrónicos.1 aLinne, Joaquín.1 aBasile, Diego. 0aColección Las juventudes argentinas hoy.40uhttps://elibro.net/ereader/politecnicointernacional/76470